Federalism: origin, operation, significance

Saved in:
Bibliografiske detaljer
Hovedforfatter: Riker, William H (Author)
Format: Bog
Sprog:engelsk
Udgivet: Boston Little, Brown 1964
Serier:Basic Studies in Politics
Fag:
Tags: Tilføj Tag
Ingen Tags, Vær først til at tagge denne postø!

MARC

LEADER 00000nam a2200000 a 4500
001 UCT8886
003 CL-VaPUC
008 970326e19640000US |||||||||||||||||eng|d
082 0 4 |a 321.02  |b RIK  |2 21 
100 0 |a Riker, William H  |e author  |9 381076 
245 1 0 |a Federalism: origin, operation, significance 
300 |a 169 p 
942 |c BK 
945 |d 19970326 00:00:00  |a lriquelm 
260 |a Boston  |b Little, Brown  |c 1964 
650 0 |a Federalismo  |9 313886 
650 7 |a TEORIA POLITICA  |2 CL-VaPUC  |9 381077 
650 0 |a Ciencia política  |9 324218 
650 0 |a Ideologías  |9 255200 
651 0 |a Estados Unidos  |9 255178 
583 |a last modification  |c 19970326 00:00:00  |k Rodrigo Vera 
490 0 |a Basic Studies in Politics 
999 |c 257358  |d 257356 
952 |0 0  |1 0  |4 0  |6 321_020000000000000_RIK_1964  |7 0  |8 A  |9 280771  |a BIBDER  |b BIBDER  |d 2019-11-19  |i 1814737  |o 321.02 RIK 1964  |p 1814737  |r 2023-01-25  |w 2019-11-19  |y BK  |k DER